Taiwan True or False - Statistics

General Stats
  • This quiz has been taken 48 times
  • The average score is 11 of 15
Answer Stats
Question Answer % Correct
Tsai Ing-Wen is part of the Democratic Progressive Party. True
100%
The Taichung Power Plant is one of the largest power stations in the world by both capacity and emissions. True
100%
The tallest mountain in Taiwan is Xueshan (Mount Sylvia). False
86%
Taiwan has one of the world's highest recycling rates, at over 50% of all waste. True
86%
Taiwan legalized gay marriage in 2019. True
86%
Most of Taiwan's population is concentrated along the eastern coast. False
71%
Taiwan is a part of the United Nations. False
71%
In Taiwan, toilet paper can only be flushed in department store restrooms. False
71%
Taipei's mayor is a member of the Kuomintang. True
71%
China claims Taiwan as its 23rd province. True
71%
Japan is closer to Taiwan than China is. False
57%
Taiwan gained independence from Japanese rule in 1937. False
57%
Taiwan uses a calendar system counting from 1911, the year of Taiwanese independence. True
57%
The longest non-stop passenger flight possible starts in Taipei. False
43%
The popular candy brand Warheads was invented in America but bought by a Taiwanese candy company. False
29%
No matching quizzes found
Score Distribution
Percent of People with Each Score
Percentile by Number Answered
Your Score History
You have not taken this quiz